Klasifikácia nákladov a jej úloha v plánovaní a riadení zisku

Ponímanie nákladov vo finančnom účtovníctve a vo vnútropodnikovom účtovníctve. Trojaké vymedzenie nákladov. Druhové členenie nákladov. Účelové členenie nákladov. Členenie nákladov v závislosti od objemu výkonov. Členenie nákladov v závislosti od potrieb ekonomického riadenia.

Gespeichert in:
Bibliographische Detailangaben
1. Verfasser: Moravčíková, Elena, 1967-
Format: Buchkapitel
Sprache:Slowakisch
Schlagworte:
Tags: Tag hinzufügen
Keine Tags, Fügen Sie das erste Tag hinzu!

MARC

LEADER 00000naa$a2200000$$$4500
001 0054764
005 20240502071629.3
041 0 |a slo 
044 |a SK 
245 1 0 |a Klasifikácia nákladov a jej úloha v plánovaní a riadení zisku  |c Elena Moravčíková 
520 |a Ponímanie nákladov vo finančnom účtovníctve a vo vnútropodnikovom účtovníctve. Trojaké vymedzenie nákladov. Druhové členenie nákladov. Účelové členenie nákladov. Členenie nákladov v závislosti od objemu výkonov. Členenie nákladov v závislosti od potrieb ekonomického riadenia. 
610 2 0 |a účtovníctvo finančné 
610 2 0 |a účtovníctvo vnútropodnikové 
610 2 0 |a účtovníctvo nákladové 
610 2 0 |a náklady 
610 2 0 |a kalkulácia nákladov 
610 2 0 |a spotreba energie 
610 2 0 |a spotreba materiálu 
610 2 0 |a správa podniku 
610 2 0 |a predaj 
610 2 0 |a výroba 
610 2 0 |a výkony podnikové 
100 1 |a Moravčíková, Elena, 1967-